00341nam a2200133Ia 4500008004100000020001500041082001700056100001500073245004600088260002500134300000800159500002400167650001600191230524s9999 xx 000 0 und d a8122400086 a621.382bGUL aR.R.Gulati 0aColour Television Principles and Practice aNEW DELHIbNAIc2002 a557 aQuantity Number: 2 aElectronics